Formovanie podnikovej kultúry v kontexte vplyvu na stabilitu zamestnancov v HKS Forge s.r.o.

Saved in:
Bibliographic Details
Main Author: Šalitroš, Martin (Author)
Other Authors: Vaňová, Jaromíra (Thesis advisor)
Format: Manuscript Book
Language:Slovak
Published: 2020
Subjects:
Online Access:http://is.stuba.sk/zp/portal_zp.pl?podrobnosti=151397
Tags: Add Tag
No Tags, Be the first to tag this record!

MARC

LEADER 00000ntm a22000003a 4500
001 stuzp78195
003 SK-STU
005 20200704211813.7
007 ta
008 150427s2015----xo-----f-mn---000-0-slo-d
040 |a STU  |b slo 
041 0 |a slo 
100 1 |a Šalitroš, Martin  |u 064000  |k Z4  |4 aut  |U MTF Materiálovotechnologická fakulta  |T MTF Ústav priemyselného inžinierstva a manažmentu  |X 80406  |U M4000  |Y 84  |7 80406 
242 0 1 |a Formation of corporate culture in the context of employee stability impact in HKS Forge s.r.o.  |y eng 
245 1 0 |a Formovanie podnikovej kultúry v kontexte vplyvu na stabilitu zamestnancov v HKS Forge s.r.o. 
260 |c 2020 
650 4 |a podniková kultúra  |2 slo 
650 4 |a typy podnikových kultúr  |2 slo 
650 4 |a fluktuácia  |2 slo 
650 4 |a stabilita  |2 slo 
650 4 |a corporate culture  |2 eng 
650 4 |a types of corporate culture  |2 eng 
650 4 |a turnover  |2 eng 
650 4 |a stability  |2 eng 
700 1 |a Vaňová, Jaromíra  |u 064000  |k Z1  |4 ths  |U MTF Materiálovotechnologická fakulta  |T MTF Ústav priemyselného inžinierstva a manažmentu  |X 2877  |U M4000  |Y 84  |7 A000002877 
856 4 |u http://is.stuba.sk/zp/portal_zp.pl?podrobnosti=151397 
996 |c M* DP-14425  |l MMSKP  |s P  |a 0  |w stuzp78195_0001